书目信息 |
| 题名: |
偏微分方程
|
|
| 作者: | 郇中丹 , 黄海洋 编 | |
| 分册: | ||
| 出版信息: | 北京 高等教育出版社 2004.07 |
|
| 页数: | 201页 | |
| 开本: | 23cm | |
| 丛书名: | 普通高等教育“十五”国家级规划教材 | |
| 单 册: | ||
| 中图分类: | O175.2 | |
| 科图分类: | ||
| 主题词: | 偏微分方程--pian wei fen fang cheng--高等教育--教材 | |
| 电子资源: | ||
| ISBN: | 7-04-013983-9 | |
| 000 | 00903nam 2200277 450 | |
| 001 | CAL 012004099871 | |
| 005 | 20050701091624.31 | |
| 010 | @a7-04-013983-9@dCNY 17.00 | |
| 099 | @aCAL 012004099871 | |
| 100 | @a20040908d2004 ekmy0chiy0120 ea | |
| 101 | 0 | @achi |
| 102 | @aCN@b110000 | |
| 105 | @aa a 000yy | |
| 200 | 1 | @a偏微分方程@Apian wei fen fang cheng@f郇中丹, 黄海洋编 |
| 210 | @a北京@c高等教育出版社@d2004.07 | |
| 215 | @a201页@c图@d23cm | |
| 225 | 2 | @a普通高等教育“十五”国家级规划教材@Apu tong gao deng jiao yu “ shi wu ” guo jia ji gui hua jiao cai |
| 320 | @a有书目。 | |
| 410 | 0 | @12001 @a普通高等教育十五国家级规划教材 |
| 606 | 0 | @a偏微分方程@Apian wei fen fang cheng@x高等教育@j教材 |
| 690 | @aO175.2@v4 | |
| 701 | 0 | @a郇中丹@Axun zhong dan@4编 |
| 701 | 0 | @a黄海洋@Ahuang hai yang@4编 |
| 801 | 0 | @aCN@bBNU@c20050701 |
| 905 | @a10447@dO175.2@eH785 | |
| 998 | @aBNU | |
| 偏微分方程/郇中丹, 黄海洋编.-北京:高等教育出版社,2004.07 |
| 201页:图;23cm.-(普通高等教育“十五”国家级规划教材) |
| ISBN 7-04-013983-9:CNY 17.00 |
| ● |
| 相关链接 |
|
|
|
正题名:偏微分方程
索取号:O175.2/H785
 
预约/预借
| 序号 | 登录号 | 条形码 | 馆藏地/架位号 | 状态 | 备注 |
| 1 | 538338 | 205383388 | 自科库401/401自科库 45排3列4层/ [索取号:O175.2/H785] | 在馆 | |
| 2 | 538339 | 205383397 | 自科库401/401自科库 45排3列4层/ [索取号:O175.2/H785] | 在馆 | |
| 3 | 538340 | 205383404 | 自科库401/401自科库 45排3列4层/ [索取号:O175.2/H785] | 在馆 |